00927nam a2200265 a 450000500170000000800410001701000140005802000260007202000230009803500130012103700150013404000180014908200150016710000180018224500990020025000120029926000470031127000650035830000280042350000510045152000580050265000350056065000280059565000380062320080616100023.0070814s2007 ii 001 0 eng  aENG-91541 a9780195696677c275.00 a0195696670c275.00 aEN-75074 bDBAD / PUB adplbEnglish  a305.230954 aKakar, Sudhir aThe inner world:cby Sudhir Kakar ba psychoanalytic study of childhood and society in India / a3rd ed  aNew Delhi bOxford University Press,c2008 aYMCA Library Building , Jai Singh Road, bNew Delhi e110001 aviii, 243p.c23 cm (Hb) aIncludes bibliographical references and index aContributed articles chiefly with reference to India. aPersonality and culturezIndia aChild psychologyzIndia aPsychoanalysis and culturezIndia